000 00246nam a2200097Ia 4500
001 643337
005 20250826153544.0
008 250824s9999 xx 000 0 und d
245 0 _aFETİH SANCAKLARI
_cAHMET YILMAZ BOYUNAĞA
260 _bGENÇ TİMAŞ
999 _c643337
_d643337